000 006030000a22001810004500
003 MACL
005 20151208131804.0
008 151208b xxu||||| |||| 00| 0 eng d
040 _aMACL
_cMACL
041 _aHindi
082 _a741.642
100 _aमनिका वर्मा
_919764
245 _aबूझो तो जाने ( पहेलियां)
260 _bएरागाॅन पब्लिशर्स एण्‍ड डिस्‍टीब्‍यूटर्स
_c2011
350 _a200
650 _aचिल्‍डन बुक
_9314
942 _cHIN
_k741.642
_2ddc
999 _c46644
_d46644